Joueurs du PSG - Mort subite - Statistiques

Statistiques générales
  • Ce quiz a été pris 607 fois
  • Le résultat moyen est 16 sur 20
Answers on the Grid
Answers color-coded by a green-red scale on the quiz's grid according to % correct below.
Kingsley Coman
Eric Maxim Choupo-Moting
Ethan Mbappé
Michael Olise
Paul Pogba
Romelu Lukaku
Jadon Sancho
Keylor Navas
Pablo Sarabia
Xavi Simons
Salvatore Sirigu
Benjamin Mendy
Dayot Upamecano
Milan Skriniar
Tanguy Kouassi
Mauro Icardi
Hatem Ben Arfa
Thilo Kehrer
Manuel Ugarte
Moussa Diaby
George Weah
Timothy Weah
Eden Hazard
Hugo Ekitiké
Arnaud Kalimuendo
Eduardo Camavinga
Kai Havertz
Giovani Lo Celso
Clément Lenglet
Moise Kean
 
Statistiques - réponses
Réponse % Correct
Kingsley Coman
92%
Ethan Mbappé
90%
Eric Maxim Choupo-Moting
89%
Keylor Navas
88%
Mauro Icardi
83%
Xavi Simons
83%
Milan Skriniar
81%
Pablo Sarabia
81%
Hugo Ekitiké
80%
Hatem Ben Arfa
78%
Manuel Ugarte
78%
Salvatore Sirigu
78%
Thilo Kehrer
78%
Moise Kean
76%
Moussa Diaby
73%
George Weah
72%
Giovani Lo Celso
71%
Arnaud Kalimuendo
69%
Tanguy Kouassi
65%
Timothy Weah
64%
Aucun quiz correspondant
Distribution des résultats
% des personnes avec chaque résultat
Percentile par nombre de réponses
Votre historique - résultats
Vous n’avez pas pris ce quiz